000 00554nam a2200181Ia 4500
999 _c21493
_d21493
003 OSt
005 20200708130043.0
008 190216s9999||||xx |||||||||||||| ||und||
020 _a9780195634433
040 _coclc
082 _a954.03
_bGUH/S
100 _aGuha, Ranajit
_93089
245 0 _aSubaltern Studies :
_bWritings on South Asian History and Society /
_cRanajit Guha
260 _bOxford University Press,
_c2011.
_aNew Delhi:
300 _a241p
650 _aHistory
942 _cBK
_2ddc
_h954.03
_iGUH/S
_k954.03
_mGUH/S